000 00907nas a2200325 4500
001 BR2012001971
003 BR-BrBNA
005 20231205120352.0
007 ta
008 230509b bl.|||p| |||| 00| 00por d
040 _aBR-BrBNA
_bpor
_cBiblioteca Nacional de Agricultura
041 _a(Pt)
072 _aL73
100 1 _aCalil, E.M.B.
100 1 _aBaldassi, L.
100 1 _aMoulin, A.A.P.
100 1 _aLafetá, B.A.
100 1 _aSouza, A.C. de
245 1 _aOcorrência de actinomicose em cervos cativos
650 _aACTINOMICOSE
650 _aABSCESSO
650 _aVEADO
650 _aANIMAL SELVAGEM
650 _aDOENÇA ANIMAL
650 _aINFECÇÃO CONTAGIOSA
650 _aJARDIM ZOOLÓGICO
773 0 _tO Biológico (Brazil)
_xISSN 0366-0567
_g(Jan-Jul 1996), v. 58(1) p. 25-28
_wBR2012001971
909 _a202311
_bLúcia
_c55
_dLúcia Elande
942 _2AGRIS
_n0
_cANA
999 _c218161
_d218161